[Event "TCh-RUS Rapid 2017"]
[Site "Sochi RUS"]
[Date "2017.10.04"]
[Round "8.4"]
[White "Vladimir Fedoseev"]
[Black "Daniil Dubov"]
[Result "1-0"]
[EventDate "?"]
[WhiteElo "2733"]
[BlackElo "2677"]
[PlyCount "186"]

1. Nf3 c5 2. b3 d5 3. Bb2 Nc6 4. e3 a6 5. d4 Bg4 6. dxc5 e5 7. Be2 Bxf3 8. Bxf3 Nf6 9. c4 e4 10. cxd5 exf3 11. dxc6 fxg2 12. Qxd8+ Rxd8 13. Rg1 bxc6 14. Bd4 Ne4 15. b4 Ng5 16. Nd2 Ne6 17. Bc3 a5 18. a3 axb4 19. axb4 Nc7 20. Nf3 Nd5 21. Bd2 Be7 22. Rxg2 Bf6 23. Ra6 Kd7 24. Ra7+ Nc7 25. Ng5 Bxg5 26. Rxg5 g6 27. Rg4 Kc8 28. b5 Nxb5 29. Rxf7 Rd7 30. Rgf4 Re8 31. R4f6 Rxf7 32. Rxf7 Re5 33. Rxh7 Rxc5 34. Rg7 g5 35. Ke2 Kd8 36. Rg6 Kd7 37. f3 Re5 38. Kf2 Rd5 39. Bb4 Nc7 40. e4 Rb5 41. Rd6+ Kc8 42. Bd2 Kb7 43. Kg3 c5 44. Bxg5 c4 45. Bf4 c3 46. Rd1 Ne6 47. Be3 Rb3 48. Rc1 Kc6 49. f4 Nc5 50. Bxc5 Kxc5 51. f5 Kd4 52. Kf4 Rb2 53. h4 Re2 54. f6 Rf2+ 55. Kg5 c2 56. Kg6 Rg2+ 57. Kf5 Rf2+ 58. Ke6 Re2 59. f7 Rxe4+ 60. Kf6 Rf4+ 61. Kg6 Kd3 62. h5 Rf2 63. h6 Rg2+ 64. Kf6 Rf2+ 65. Ke6 Re2+ 66. Kd6 Rf2 67. h7 Kd2 68. Rxc2+ Kxc2 69. h8=Q Rxf7 70. Qh2+ Kd3 71. Qh3+ Kd4 72. Qg4+ Kc3 73. Qg3+ Kd2 74. Qg5+ Ke2 75. Qe5+ Kf1 76. Qa1+ Kg2 77. Qa8+ Rf3 78. Ke5 Kf2 79. Ke4 Re3+ 80. Kf4 Rh3 81. Qa2+ Kg1 82. Qe2 Rh2 83. Qd1+ Kf2 84. Qc2+ Kg1 85. Qc5+ Kg2 86. Kg4 Kf1 87. Qc1+ Kf2 88. Qd2+ Kg1 89. Qe1+ Kg2 90. Qe5 Kg1 91. Kg3 Rg2+ 92. Kh3 Rf2 93. Qc5 1-0

[Event "ch-RUS Blitz 2017"]
[Site "Sochi RUS"]
[Date "2017.10.02"]
[Round "17.2"]
[White "Vadim Zvjaginsev"]
[Black "Daniil Dubov"]
[Result "1/2-1/2"]
[EventDate "?"]
[WhiteElo "2643"]
[BlackElo "2666"]
[PlyCount "140"]

1. e4 c5 2. Nf3 Nc6 3. Bb5 g6 4. O-O Bg7 5. d3 d6 6. Re1 Bd7 7. c3 Nf6 8. d4 O-O 9. Bxc6 Bxc6 10. d5 Bd7 11. h3 b5 12. a4 b4 13. e5 dxe5 14. Nxe5 Re8 15. c4 Bf5 16. Nd2 e6 17. g4 Bxg4 18. Nxg4 exd5 19. Rxe8+ Nxe8 20. cxd5 Qxd5 21. Ne3 Qd7 22. Qg4 f5 23. Qc4+ Kh8 24. Qd5 Qc8 25. Nec4 Nf6 26. Qf7 f4 27. Kg2 Qc6+ 28. Nf3 Rf8 29. Ne5 Qe4 30. Qc4 Qxc4 31. Nxc4 Nd5 32. Bd2 Nb6 33. Nfe5 f3+ 34. Kg3 Re8 35. Re1 Kg8 36. Nxb6 Rxe5 37. Nc4 Rd5 38. Re8+ Kf7 39. Ra8 Bxb2 40. Rxa7+ Ke6 41. Ra6+ Ke7 42. a5 Bc3 43. Bg5+ Rxg5+ 44. Kxf3 b3 45. Rb6 Rf5+ 46. Ke2 b2 47. a6 Rf6 48. Rb7+ Ke8 49. a7 Ra6 50. Nxb2 Bxb2 51. Rb8+ Kf7 52. a8=Q Rxa8 53. Rxa8 h5 54. Rc8 Bd4 55. f4 Kf6 56. Kf3 Ke6 57. Ke4 Kf6 58. Rc6+ Kf7 59. f5 gxf5+ 60. Kxf5 Ke7 61. Kg5 Kd7 62. Ra6 c4 63. Ra4 Be3+ 64. Kxh5 c3 65. Rc4 Bd2 66. Kg6 Kd6 67. Rc8 Kd5 68. Kf5 Kd4 69. Rd8+ Kc4 70. Ke4 c2 1/2-1/2

[Event "Russian Rapid Championship"]
[Site "Sochi RUS"]
[Date "2017.10.01"]
[Round "11.14"]
[White "Alexey Sarana"]
[Black "Daniil Dubov"]
[Result "1/2-1/2"]
[EventDate "2017.09.30"]
[WhiteElo "2541"]
[BlackElo "2666"]
[PlyCount "50"]

1. d4 Nf6 2. c4 g6 3. Nc3 d5 4. Bg5 c5 5. Bxf6 exf6 6. cxd5 Qb6 7. Nf3 Qxb2 8. Qc1 Qxc1+ 9. Rxc1 cxd4 10. Nxd4 Bb4 11. e3 Nd7 12. Bd3 Nb6 13. Ke2 O-O 14. Rhd1 Bg4+ 15. f3 Bd7 16. Ne4 Kg7 17. Nc5 Ba4 18. Rf1 Rfc8 19. Nxa4 Nxa4 20. Bc4 Rc5 21. Bb3 Nc3+ 22. Kd3 Rac8 23. d6 Rd8 24. Rc2 Rxd6 25. Rfc1 1/2-1/2

[Event "Russian Rapid Championship"]
[Site "Sochi RUS"]
[Date "2017.10.01"]
[Round "10.11"]
[White "Daniil Dubov"]
[Black "Vadim Moiseenko"]
[Result "1/2-1/2"]
[EventDate "2017.09.30"]
[WhiteElo "2666"]
[BlackElo "2558"]
[PlyCount "120"]

1. e4 e5 2. Nf3 Nc6 3. Bb5 a6 4. Ba4 Nf6 5. d3 d6 6. c3 Be7 7. Nbd2 O-O 8. O-O Re8 9. Re1 Bf8 10. Nf1 b5 11. Bb3 Be6 12. Bxe6 Rxe6 13. c4 Nd7 14. Ne3 Nd4 15. Bd2 Nc5 16. Nf5 Nxf5 17. exf5 Re8 18. Be3 Qf6 19. Bxc5 dxc5 20. Re4 Qxf5 21. Qe2 f6 22. cxb5 axb5 23. d4 cxd4 24. Nxd4 Qd7 25. Nxb5 Reb8 26. Nc3 Qf7 27. Rd1 Bc5 28. g3 Bd4 29. Rdxd4 exd4 30. Rxd4 Kh8 31. Qf3 h6 32. b3 Ra5 33. h4 Qe6 34. Kg2 Rf5 35. Rf4 Rxf4 36. Qxf4 Qc6+ 37. Qf3 Rb6 38. h5 Qxf3+ 39. Kxf3 g6 40. hxg6 Kg7 41. Ke4 Kxg6 42. Nd5 Rb7 43. Kd4 Kf5 44. Kc5 Ke4 45. b4 Kf3 46. a4 f5 47. a5 Kxf2 48. Ne7 Kxg3 49. Nxf5+ Kf4 50. Nxh6 c6 51. Nf7 Rxf7 52. Kxc6 Ke5 53. a6 Rf6+ 54. Kb5 Kd5 55. a7 Rf8 56. Ka6 Rf6+ 57. Ka5 Rf8 58. b5 Kc5 59. b6 Rf1 60. Ka6 Rb1 1/2-1/2

[Event "Russian Rapid Championship"]
[Site "Sochi RUS"]
[Date "2017.10.01"]
[Round "6.23"]
[White "Mikhail Linker"]
[Black "Daniil Dubov"]
[Result "0-1"]
[EventDate "2017.09.30"]
[WhiteElo "2269"]
[BlackElo "2666"]
[PlyCount "48"]

1. d4 Nf6 2. c4 e6 3. Nf3 d5 4. e3 b6 5. b3 Bb7 6. Bd3 Nbd7 7. O-O Bd6 8. Bb2 O-O 9. Nbd2 Ne4 10. Qc2 f5 11. Rfd1 Ndf6 12. Ne5 Bxe5 13. dxe5 Ng4 14. Rf1 Nxd2 15. Qxd2 dxc4 16. bxc4 Qg5 17. f3 Nxe3 18. f4 Nxf1 19. Bxf1 Rad8 20. Qf2 Qe7 21. a4 c5 22. a5 Be4 23. axb6 axb6 24. Ra3 Rd1 0-1

[Event "Russian Rapid Championship"]
[Site "Sochi RUS"]
[Date "2017.10.01"]
[Round "7.16"]
[White "Daniil Dubov"]
[Black "Vasily Usmanov"]
[Result "1-0"]
[EventDate "2017.09.30"]
[WhiteElo "2666"]
[BlackElo "2459"]
[PlyCount "116"]

1. e4 c5 2. Nf3 Nc6 3. Nc3 Nf6 4. Bb5 Qc7 5. O-O e6 6. Re1 Ne5 7. d4 cxd4 8. Nd5 Nxf3+ 9. Qxf3 Nxd5 10. exd5 Qa5 11. Qe2 a6 12. dxe6 Qxb5 13. c4 Qf5 14. e7 Qe6 15. exf8=Q+ Kxf8 16. Qd2 Qf6 17. Qb4+ d6 18. Bg5 Qg6 19. Bf4 h6 20. Rad1 Kg8 21. Rxd4 Kh7 22. Rxd6 Be6 23. b3 Rad8 24. Qxb7 Rxd6 25. Bxd6 Rd8 26. c5 Qd3 27. Qe4+ Qxe4 28. Rxe4 Rc8 29. f3 g5 30. Kf2 Kg6 31. Rb4 Rc6 32. Rb8 Bc8 33. Ke3 Kf5 34. Kd4 Ke6 35. b4 Bd7 36. Rh8 Rc8 37. Rxh6+ f6 38. g4 Bc6 39. f4 gxf4 40. Bxf4 Rd8+ 41. Bd6 Rg8 42. h3 Rg5 43. Rh5 Rxh5 44. gxh5 Kf5 45. h6 Kg6 46. Bf4 Kh7 47. Kc3 Kg6 48. Kb3 Kh7 49. a4 Kg6 50. h4 Kh7 51. h5 Be8 52. Kc4 Bxa4 53. Kd5 Bd1 54. c6 Bxh5 55. c7 Bg4 56. Kd6 Kg6 57. Ke7 Bf5 58. Kd8 1-0

[Event "Russian Rapid Championship"]
[Site "Sochi RUS"]
[Date "2017.10.01"]
[Round "8.9"]
[White "Daniil Yuffa"]
[Black "Daniil Dubov"]
[Result "1-0"]
[EventDate "2017.09.30"]
[WhiteElo "2527"]
[BlackElo "2666"]
[PlyCount "108"]

1. d4 Nf6 2. c4 e6 3. Nf3 d5 4. g3 Bb4+ 5. Bd2 Be7 6. Bg2 Nbd7 7. O-O c6 8. b3 b6 9. Bc3 Bb7 10. Nbd2 O-O 11. Re1 c5 12. Bb2 Rc8 13. Rc1 dxc4 14. Nxc4 b5 15. Nce5 Nxe5 16. Nxe5 Bxg2 17. Kxg2 Qd5+ 18. f3 Rfd8 19. e4 Qb7 20. Qe2 cxd4 21. Rxc8 Rxc8 22. Bxd4 Nd7 23. Rd1 Nxe5 24. Bxe5 h5 25. Qd3 Bf8 26. Rd2 b4 27. Rc2 Rxc2+ 28. Qxc2 Qa6 29. Bd4 Be7 30. Qb2 g5 31. Bh8 Kf8 32. Bd4 Ke8 33. Bf2 f6 34. Qc2 g4 35. Qd2 gxf3+ 36. Kxf3 Qb7 37. Qe2 f5 38. Kg2 fxe4 39. Qxh5+ Kd7 40. Be3 Qd5 41. Qe2 Bc5 42. Qb5+ Kd6 43. Qxc5+ Qxc5 44. Bxc5+ Kxc5 45. h4 Kd4 46. Kf2 Kc3 47. Ke3 Kb2 48. h5 Kxa2 49. h6 Kxb3 50. h7 a5 51. h8=Q a4 52. Qa1 a3 53. Qb1+ Ka4 54. Qc2+ 1-0

[Event "Russian Rapid Championship"]
[Site "Sochi RUS"]
[Date "2017.10.01"]
[Round "9.17"]
[White "Daniil Dubov"]
[Black "Alexander Utnasunov"]
[Result "1-0"]
[EventDate "2017.09.30"]
[WhiteElo "2666"]
[BlackElo "2446"]
[PlyCount "50"]

1. e4 c5 2. Nf3 d6 3. d4 cxd4 4. Nxd4 Nf6 5. Nc3 g6 6. Be3 a6 7. f3 b5 8. Qd2 Bb7 9. O-O-O Nbd7 10. a3 Rc8 11. g4 Ne5 12. g5 Nh5 13. Bh3 e6 14. Bg4 Ng7 15. h4 Be7 16. Qe1 Nc4 17. f4 b4 18. axb4 Qb6 19. Na4 Qc7 20. Bf2 h5 21. gxh6 Rxh6 22. Rh3 f5 23. exf5 gxf5 24. Be2 Be4 25. Bxc4 Qd8 1-0

[Event "Russian Rapid Championship"]
[Site "Sochi RUS"]
[Date "2017.09.30"]
[Round "4.3"]
[White "Denis Khismatullin"]
[Black "Daniil Dubov"]
[Result "1-0"]
[EventDate "2017.09.30"]
[WhiteElo "2628"]
[BlackElo "2666"]
[PlyCount "138"]

1. d4 e6 2. e4 d5 3. exd5 exd5 4. Bd3 c5 5. c3 Nc6 6. Nf3 Nf6 7. O-O Be7 8. dxc5 Bxc5 9. Re1+ Be6 10. Nbd2 O-O 11. Nb3 Bb6 12. Nfd4 Bg4 13. Qc2 Rc8 14. Nxc6 bxc6 15. Bg5 Qd6 16. Bh4 Rce8 17. a4 a5 18. Nd4 Ne4 19. Bxe4 dxe4 20. Rxe4 Bxd4 21. Rxd4 Qe6 22. h3 Bf5 23. Qd2 c5 24. Rd6 Qb3 25. Rd5 Bc2 26. Rxc5 Qxb2 27. Qc1 Qb3 28. Ra3 Qb6 29. Rb5 Qc6 30. Bg3 Re2 31. Ra2 Bxa4 32. Rbb2 Re4 33. Kh2 h6 34. Ra3 Rd8 35. Rd2 Rde8 36. Qa1 Re1 37. Qa2 Bb5 38. c4 Bxc4 39. Rc2 Rd1 40. Qxc4 Ree1 41. Bf4 Qg6 42. g4 Rh1+ 43. Kg3 Rdg1+ 44. Kf3 Rxh3+ 45. Bg3 h5 46. Rxa5 hxg4+ 47. Ke2 Rhxg3 48. fxg3 Rg2+ 49. Kd1 Rg1+ 50. Kd2 Qh6+ 51. Kc3 Qf6+ 52. Qd4 Rxg3+ 53. Kc4 Qc6+ 54. Kb4 Qb7+ 55. Rb5 Rb3+ 56. Kxb3 Qxb5+ 57. Kc3 Qc6+ 58. Kd2 Qg2+ 59. Kd3 Qf1+ 60. Re2 f5 61. Kd2 g3 62. Qd8+ Kf7 63. Re7+ Kg6 64. Qe8+ Kf6 65. Qf8+ Kg5 66. Rxg7+ Kf4 67. Qd6+ Ke4 68. Re7+ Kf3 69. Re3+ 1-0

[Event "Russian Rapid Championship"]
[Site "Sochi RUS"]
[Date "2017.09.30"]
[Round "1.7"]
[White "Daniil Dubov"]
[Black "Anton Konaplev"]
[Result "1-0"]
[EventDate "2017.09.30"]
[WhiteElo "2666"]
[BlackElo "2325"]
[PlyCount "78"]

1. c4 e6 2. Nc3 d5 3. d4 Nf6 4. cxd5 Nxd5 5. e4 Nxc3 6. bxc3 c5 7. Rb1 Be7 8. Qg4 g6 9. Nf3 Nc6 10. Bb5 cxd4 11. cxd4 O-O 12. e5 Qa5+ 13. Bd2 Bb4 14. Rxb4 Nxb4 15. Bc4 Nc2+ 16. Kd1 Qa3 17. h4 Bd7 18. h5 Rfc8 19. hxg6 fxg6 20. Bxe6+ Bxe6 21. Qxe6+ Kh8 22. Rxh7+ Kxh7 23. Ng5+ Kh6 24. Ne4+ Kg7 25. Qd7+ Kh8 26. Nf6 Ne3+ 27. fxe3 Rc1+ 28. Bxc1 Qd3+ 29. Ke1 Qc3+ 30. Bd2 Qa1+ 31. Ke2 Qh1 32. Qg4 Kg7 33. d5 Rh8 34. Qd7+ Kh6 35. e4+ g5 36. Ng4+ Kh5 37. Qf7+ Kxg4 38. Qf3+ Kh4 39. g3+ 1-0

[Event "Russian Rapid Championship"]
[Site "Sochi RUS"]
[Date "2017.09.30"]
[Round "2.6"]
[White "Vladimir Antonenko"]
[Black "Daniil Dubov"]
[Result "0-1"]
[EventDate "2017.09.30"]
[WhiteElo "2330"]
[BlackElo "2666"]
[PlyCount "180"]

1. d4 e6 2. c4 c5 3. d5 exd5 4. cxd5 d6 5. Nc3 g6 6. Nf3 Bg7 7. Bf4 Nf6 8. Qa4+ Bd7 9. Qb3 Qc7 10. e4 O-O 11. Nd2 Nh5 12. Be3 f5 13. exf5 Bxf5 14. Be2 Nf6 15. O-O a6 16. a4 Nbd7 17. Nc4 Ne4 18. Bf4 Nxc3 19. bxc3 Bc2 20. Qxc2 Rxf4 21. g3 Rff8 22. Bg4 Kh8 23. Bxd7 Qxd7 24. Nb6 Qf7 25. Nxa8 Rxa8 26. Qd3 Rc8 27. Rab1 c4 28. Qd2 Rc5 29. Rfd1 b5 30. axb5 axb5 31. Qe3 h5 32. Qe6 Qf6 33. Qe8+ Kh7 34. Rxb5 Rxb5 35. Qxb5 Qxc3 36. Qb1 Qf3 37. h4 c3 38. Qc2 Be5 39. Rd3 Qe4 40. Qd1 Qc4 41. Qc2 Kg7 42. Kg2 Bd4 43. f3 Kh7 44. Rd1 Bc5 45. Rd3 Bd4 46. Rd1 Be5 47. Rd3 Kg7 48. Rd1 Kf7 49. Rd3 Qb4 50. Rd1 Qb5 51. Rd3 Qc5 52. Kh2 Ke7 53. Kg2 Kd8 54. Kh2 Kc7 55. Kg2 Kb6 56. f4 Bd4 57. Kh2 Qb4 58. g4 Qb2 59. Qxb2+ cxb2 60. Rb3+ Kc5 61. f5 gxf5 62. gxh5 Be5+ 63. Kg2 Kxd5 64. h6 Kc4 65. Rb7 Kc3 66. Kf3 Kc2 67. Rc7+ Kd3 68. Rb7 d5 69. Rb5 Kc2 70. Rc5+ Bc3 71. h7 b1=Q 72. Rxc3+ Kxc3 73. h8=Q+ d4 74. Qc8+ Kd2 75. Kf4 Qe4+ 76. Kg5 Qg4+ 77. Kf6 Qxh4+ 78. Kg6 Qe4 79. Kg5 Qe3+ 80. Kh4 f4 81. Qa6 Qe1+ 82. Kg5 Qe5+ 83. Kh4 d3 84. Kg4 Ke3 85. Qa3 f3 86. Qc1+ Ke2 87. Qh1 Qe4+ 88. Kg3 d2 89. Qh2+ Kd3 90. Qh1 Qe1+ 0-1

[Event "Russian Rapid Championship"]
[Site "Sochi RUS"]
[Date "2017.09.30"]
[Round "3.4"]
[White "Daniil Dubov"]
[Black "Mikhail Krylov"]
[Result "1-0"]
[EventDate "2017.09.30"]
[WhiteElo "2666"]
[BlackElo "2476"]
[PlyCount "66"]

1. c4 g6 2. e4 Bg7 3. d4 Nc6 4. Ne2 e5 5. Be3 exd4 6. Nxd4 Nge7 7. Nc3 d6 8. h4 h5 9. Qd2 O-O 10. O-O-O f5 11. c5 f4 12. Nxc6 fxe3 13. Nxe7+ Qxe7 14. Qxe3 dxc5 15. Bc4+ Kh7 16. f4 Bd4 17. Rxd4 cxd4 18. Qxd4 Be6 19. Bxe6 Qxe6 20. g3 a6 21. Qc5 c6 22. Qb6 Rf7 23. Rd1 Rd7 24. Rd4 Re8 25. e5 Rxd4 26. Qxd4 Re7 27. Ne4 Qxa2 28. Ng5+ Kh6 29. e6 Rg7 30. f5 Qa1+ 31. Kc2 Qf1 32. f6 Qf5+ 33. Kc3 Qa5+ 1-0

[Event "Russian Rapid Championship"]
[Site "Sochi RUS"]
[Date "2017.09.30"]
[Round "5.9"]
[White "Daniil Dubov"]
[Black "Maxim Lugovskoy"]
[Result "0-1"]
[EventDate "2017.09.30"]
[WhiteElo "2666"]
[BlackElo "2474"]
[PlyCount "106"]

1. c4 e6 2. Nf3 d5 3. d4 a6 4. cxd5 exd5 5. Nc3 c6 6. Bg5 Be7 7. h4 h6 8. Bxe7 Nxe7 9. e3 Bg4 10. Bd3 Nd7 11. Qc2 O-O 12. O-O-O b5 13. Kb1 c5 14. dxc5 Nxc5 15. Bh7+ Kh8 16. Nxd5 Nxd5 17. Qxc5 Bxf3 18. gxf3 Kxh7 19. Qxd5 Qf6 20. f4 Rad8 21. Qe4+ Kg8 22. h5 Rfe8 23. Rxd8 Qxd8 24. Qb7 Qd3+ 25. Ka1 Rd8 26. a3 a5 27. Qa6 Qd5 28. Rc1 b4 29. Qb6 b3 30. a4 Kh7 31. Qb5 Rc8 32. Rg1 Qxb5 33. axb5 Rb8 34. e4 Rxb5 35. f5 f6 36. Kb1 Rb4 37. Re1 Rd4 38. Kc1 a4 39. Re2 Kg8 40. f3 Rd3 41. f4 Rf3 42. Kd2 Kf7 43. Rh2 Rxf4 44. Kd3 Rf1 45. Kc3 Rc1+ 46. Kd3 Ke7 47. Rg2 Kd6 48. Kd4 Rc2 49. Rxg7 Rxb2 50. Rf7 Rd2+ 51. Ke3 b2 52. Rxf6+ Kc7 53. Rf7+ Rd7 0-1

[Event "World Cup"]
[Site "Tbilisi GEO"]
[Date "2017.09.13"]
[Round "4.2"]
[White "Levon Aronian"]
[Black "Daniil Dubov"]
[Result "1-0"]
[EventDate "2017.09.03"]
[WhiteElo "2799"]
[BlackElo "2666"]
[PlyCount "193"]

1. d4 Nf6 2. c4 g6 3. Nf3 Bg7 4. Nc3 d5 5. cxd5 Nxd5 6. e4 Nxc3 7. bxc3 c5 8. Be3 O-O 9. Be2 b6 10. Qd2 cxd4 11. cxd4 Bb7 12. e5 Nc6 13. h4 Qd5 14. h5 Rfd8 15. Rc1 Qa5 16. h6 Bf8 17. e6 f6 18. O-O Qxd2 19. Bxd2 Nxd4 20. Nxd4 Rxd4 21. Be3 Rdd8 22. Bb5 Bd5 23. Bd7 g5 24. f4 Bxh6 25. fxg5 Bg7 26. Bd4 fxg5 27. Bxg7 Kxg7 28. Rf7+ Kg6 29. Rxe7 Rf8 30. Re1 Bxa2 31. Bb5 a6 32. Bd3+ Kf6 33. Rxh7 b5 34. Rh6+ Ke7 35. Rh7+ Kf6 36. e7 Rg8 37. Rh6+ Kf7 38. Rh7+ Kf6 39. Be4 Rae8 40. Rh6+ Kf7 41. Bc6 Bc4 42. Bxe8+ Rxe8 43. Rxa6 Rxe7 44. Rxe7+ Kxe7 45. Kf2 Kf7 46. Rb6 Be6 47. Rxb5 Kf6 48. Kf3 Bf5 49. Rc5 Bd3 50. Ke3 Bf5 51. Kd4 Bb1 52. Rc1 Bg6 53. Rc6+ Kg7 54. Ke5 Bb1 55. Ra6 Bc2 56. Rd6 Kf7 57. Rf6+ Kg7 58. Rf2 Bb1 59. Rb2 Bd3 60. Rd2 Bb1 61. Ke6 Be4 62. Re2 Bd3 63. Rd2 Be4 64. Ke5 Bb1 65. Rd4 Kf7 66. Ra4 Bc2 67. Ra5 Bb1 68. Rc5 Kg6 69. Rc1 Bd3 70. Rd1 Bc2 71. Rd2 Bb1 72. Ke6 Be4 73. g3 Bb1 74. Rb2 Bd3 75. Ke7 Be4 76. Rb6+ Kg7 77. Rb5 Kg6 78. Rb4 Bc2 79. Kf8 Kf6 80. Kg8 Bd3 81. Rd4 Bc2 82. Rd2 Bb1 83. Rf2+ Kg6 84. Rb2 Bd3 85. Rb6+ Kf5 86. Rb4 Kf6 87. Rd4 Bc2 88. Rd2 Bb1 89. Rf2+ Kg6 90. g4 Be4 91. Rd2 Kf6 92. Rb2 Bd3 93. Rb6+ Ke5 94. Kg7 Kf4 95. Rb4+ Be4 96. Rxe4+ Kxe4 97. Kg6 1-0

[Event "World Cup"]
[Site "Tbilisi GEO"]
[Date "2017.09.12"]
[Round "4.1"]
[White "Daniil Dubov"]
[Black "Levon Aronian"]
[Result "1/2-1/2"]
[EventDate "2017.09.03"]
[WhiteElo "2666"]
[BlackElo "2799"]
[PlyCount "71"]

1. Nf3 d5 2. g3 Nf6 3. Bg2 e6 4. O-O Be7 5. c4 O-O 6. d4 dxc4 7. Qc2 a6 8. a4 Bd7 9. Bg5 Bc6 10. Rd1 a5 11. Na3 Na6 12. Nxc4 Nb4 13. Qc1 h6 14. Bxf6 Bxf6 15. Nfe5 Bd5 16. Qc3 b6 17. e4 Bb7 18. Ng4 Be7 19. Qb3 Qe8 20. d5 Bc5 21. d6 Qd8 22. e5 Bxg2 23. Kxg2 h5 24. Nge3 cxd6 25. Nxd6 Bxe3 26. Qxe3 Nc2 27. Qf3 Nxa1 28. Qxh5 f6 29. Rxa1 fxe5 30. Qxe5 Qf6 31. Qe3 Rad8 32. Rd1 Qe7 33. Qxb6 Rb8 34. Qc6 Qf6 35. Rd2 Rxb2 36. Ne8 1/2-1/2

[Event "World Cup"]
[Site "Tbilisi GEO"]
[Date "2017.09.07"]
[Round "2.2"]
[White "Daniil Dubov"]
[Black "Sergey Karjakin"]
[Result "1-0"]
[EventDate "2017.09.03"]
[WhiteElo "2666"]
[BlackElo "2780"]
[PlyCount "61"]

1. c4 Nf6 2. Nc3 e5 3. Nf3 Nc6 4. g3 d5 5. cxd5 Nxd5 6. Bg2 Bc5 7. O-O O-O 8. d3 Bb6 9. Nxd5 Qxd5 10. b4 e4 11. Ng5 Qd4 12. Ba3 e3 13. b5 exf2+ 14. Kh1 Ne5 15. Bxf8 Kxf8 16. a4 a5 17. bxa6 Rxa6 18. a5 Ba7 19. Qc1 Qd8 20. Qf4 h6 21. Ne4 Qe7 22. Nc3 g5 23. Qc1 Ng4 24. Nd5 Qxe2 25. Qxc7 Rc6 26. Qd8+ Qe8 27. Qxe8+ Kxe8 28. d4 Kd8 29. h3 Nf6 30. Nb6 Rc2 31. Nxc8 1-0

[Event "World Cup"]
[Site "Tbilisi GEO"]
[Date "2017.09.06"]
[Round "2.1"]
[White "Sergey Karjakin"]
[Black "Daniil Dubov"]
[Result "1/2-1/2"]
[EventDate "2017.09.03"]
[WhiteElo "2780"]
[BlackElo "2666"]
[PlyCount "59"]

1. e4 c5 2. Nf3 Nc6 3. d4 cxd4 4. Nxd4 Nf6 5. Nc3 e5 6. Ndb5 d6 7. Bg5 a6 8. Na3 b5 9. Nd5 Be7 10. Bxf6 Bxf6 11. c3 Bg5 12. Nc2 Rb8 13. a4 bxa4 14. Ncb4 Nxb4 15. cxb4 Bd7 16. Bxa6 O-O 17. O-O Qe8 18. b3 axb3 19. Qxb3 Bd8 20. Bc4 Kh8 21. Ra2 Bc6 22. Rb1 f5 23. exf5 Rxf5 24. Kh1 Qf8 25. Qd3 e4 26. Qxe4 Rb5 27. Rd1 Rxb4 28. Qe2 Rb8 29. f3 Bg5 30. Qd3 1/2-1/2

[Event "World Cup"]
[Site "Tbilisi GEO"]
[Date "2017.09.05"]
[Round "1.3"]
[White "Daniil Dubov"]
[Black "Daniel Grigoryevich Fridman"]
[Result "1/2-1/2"]
[EventDate "2017.09.03"]
[WhiteElo "2666"]
[BlackElo "2640"]
[PlyCount "83"]

1. d4 Nf6 2. c4 e6 3. Nf3 d5 4. g3 dxc4 5. Bg2 c5 6. O-O Nc6 7. Na3 cxd4 8. Nxc4 Bc5 9. a3 a5 10. b3 O-O 11. Bb2 Qc7 12. Rc1 Rd8 13. Qc2 Ba7 14. Nce5 Qb8 15. Nxc6 bxc6 16. Qxc6 Bb7 17. Qc7 Bd5 18. Nd2 Qb5 19. Bxd5 Qxd5 20. Qc6 Rab8 21. Qxd5 Nxd5 22. Rc4 Nc3 23. Re1 f5 24. Kf1 Ne4 25. Nxe4 fxe4 26. b4 axb4 27. axb4 Rb5 28. e3 dxe3 29. fxe3 Rf5+ 30. Ke2 Rdf8 31. Kd1 Rf2 32. Re2 Bxe3 33. Rxf2 Rxf2 34. Bc3 Rxh2 35. Rxe4 Bf2 36. b5 Rh5 37. Re5 Rh3 38. Rxe6 Rxg3 39. Kc2 Rg5 40. b6 Rb5 41. Re7 Rxb6 42. Rxg7+ 1/2-1/2

[Event "World Cup"]
[Site "Tbilisi GEO"]
[Date "2017.09.05"]
[Round "1.4"]
[White "Daniel Grigoryevich Fridman"]
[Black "Daniil Dubov"]
[Result "1/2-1/2"]
[EventDate "2017.09.03"]
[WhiteElo "2640"]
[BlackElo "2666"]
[PlyCount "78"]

1. Nf3 c5 2. c4 Nc6 3. Nc3 g6 4. e3 Nf6 5. d4 cxd4 6. exd4 d5 7. cxd5 Nxd5 8. Qb3 Nxc3 9. Bc4 e6 10. bxc3 Bd7 11. Bd3 Na5 12. Qc2 Bg7 13. O-O O-O 14. Bf4 Rc8 15. Ne5 Nc6 16. Nxd7 Qxd7 17. Qe2 Rfe8 18. Rfd1 e5 19. dxe5 Bxe5 20. Be4 Qe7 21. Bxc6 Bxf4 22. Qxe7 Rxe7 23. Rd7 Rxd7 24. Bxd7 Rxc3 25. Ba4 a6 26. Rd1 b5 27. Bb3 Kf8 28. g3 Bc7 29. Rd2 Bb6 30. Rd6 Bc5 31. Rxa6 Rf3 32. Ra5 Rf5 33. Kh1 Bxf2 34. a4 Be3 35. Rxb5 Rf1+ 36. Kg2 Rf2+ 37. Kh1 Rf1+ 38. Kg2 Rf2+ 39. Kh1 Rf1+ 1/2-1/2

[Event "World Cup"]
[Site "Tbilisi GEO"]
[Date "2017.09.05"]
[Round "1.5"]
[White "Daniel Grigoryevich Fridman"]
[Black "Daniil Dubov"]
[Result "1/2-1/2"]
[EventDate "2017.09.03"]
[WhiteElo "2640"]
[BlackElo "2666"]
[PlyCount "31"]

1. Nf3 c5 2. c4 Nc6 3. Nc3 g6 4. e3 Nf6 5. d4 cxd4 6. exd4 d5 7. cxd5 Nxd5 8. Qb3 Nxc3 9. Bc4 e6 10. bxc3 Bd7 11. Be2 Na5 12. Qc2 Bg7 13. Ba3 Bf8 14. Bc1 Bg7 15. Ba3 Bf8 16. Bc1 1/2-1/2

[Event "World Cup"]
[Site "Tbilisi GEO"]
[Date "2017.09.05"]
[Round "1.6"]
[White "Daniil Dubov"]
[Black "Daniel Grigoryevich Fridman"]
[Result "1-0"]
[EventDate "2017.09.03"]
[WhiteElo "2666"]
[BlackElo "2640"]
[PlyCount "80"]

1. e4 e5 2. Nf3 Nf6 3. Nxe5 d6 4. Nf3 Nxe4 5. Nc3 Nxc3 6. dxc3 Be7 7. Be3 O-O 8. Bc4 Nc6 9. Qe2 Bf6 10. O-O-O Re8 11. h3 Be6 12. Bxe6 Rxe6 13. g4 Bg5 14. Nxg5 Qxg5 15. Bxg5 Rxe2 16. Be3 Ne5 17. b3 h5 18. gxh5 Nf3 19. Rdf1 Re8 20. h4 Nh2 21. Rfg1 f5 22. Kd1 R2xe3 23. fxe3 Ng4 24. Kd2 Kh7 25. Rf1 Re5 26. Rf3 Kh6 27. e4 fxe4 28. Rg3 Nf6 29. Rg6+ Kh7 30. Rg5 Re7 31. Ke3 Kh6 32. Rf1 Nh7 33. Rgf5 Nf6 34. Rg5 Nh7 35. Rg6+ Kxh5 36. Rfg1 Nf6 37. Rxg7 Re6 38. c4 c5 39. R1g5+ Kh6 40. R7g6+ Kh7 1-0

[Event "World Cup"]
[Site "Tbilisi GEO"]
[Date "2017.09.04"]
[Round "1.2"]
[White "Daniel Grigoryevich Fridman"]
[Black "Daniil Dubov"]
[Result "1/2-1/2"]
[EventDate "2017.09.03"]
[WhiteElo "2640"]
[BlackElo "2666"]
[PlyCount "67"]

1. d4 Nf6 2. Nf3 g6 3. g3 Bg7 4. Bg2 O-O 5. c4 d5 6. cxd5 Nxd5 7. O-O Nc6 8. Nc3 e5 9. Nxd5 e4 10. Nd2 Qxd5 11. Nxe4 Qxd4 12. Nc3 Bg4 13. Bxc6 bxc6 14. Qxd4 Bxd4 15. Be3 Bxc3 16. bxc3 Bxe2 17. Rfe1 Bc4 18. Bf4 Rfe8 19. a3 Rac8 20. Rxe8+ Rxe8 21. Bxc7 g5 22. h3 h5 23. Rd1 Kg7 24. g4 Bd5 25. gxh5 Kh6 26. f4 Re3 27. c4 Bxc4 28. Rd6+ Kxh5 29. Rxc6 Be6 30. Rc5 Rxa3 31. Rxg5+ Kh4 32. Ra5 Rc3 33. Rxa7 Rf3 34. Ra8 1/2-1/2

[Event "World Cup"]
[Site "Tbilisi GEO"]
[Date "2017.09.03"]
[Round "1.1"]
[White "Daniil Dubov"]
[Black "Daniel Grigoryevich Fridman"]
[Result "1/2-1/2"]
[EventDate "2017.09.03"]
[WhiteElo "2666"]
[BlackElo "2640"]
[PlyCount "72"]

1. d4 Nf6 2. c4 e6 3. Nf3 d5 4. g3 dxc4 5. Bg2 c5 6. O-O Nc6 7. Na3 cxd4 8. Nxc4 Be7 9. b3 Ne4 10. Bb2 Nc3 11. Qd2 Bf6 12. Ba3 Nb5 13. Bc5 Be7 14. Bxe7 Qxe7 15. a4 Nc3 16. Rfe1 Ne4 17. Qf4 f5 18. Rad1 Qf6 19. e3 dxe3 20. Qxe3 O-O 21. Nd4 Nb4 22. Nd2 e5 23. Nxf5 Nxf2 24. Qxf2 Bxf5 25. Bxb7 Rab8 26. Be4 Bg4 27. Qxf6 gxf6 28. Bf3 Bxf3 29. Nxf3 Rfd8 30. Rxd8+ Rxd8 31. Rc1 Rd7 32. a5 Kf7 33. Rc4 Nd5 34. Rc6 Nb4 35. Rc4 Nd5 36. Rc6 Nb4 1/2-1/2

[Event "St.Petersburg Rapid 2017"]
[Site "St Petersburg RUS"]
[Date "2017.08.27"]
[Round "7.3"]
[White "David Paravyan"]
[Black "Daniil Dubov"]
[Result "0-1"]
[EventDate "?"]
[WhiteElo "2551"]
[BlackElo "2666"]
[PlyCount "102"]

1. f4 Nf6 2. Nf3 g6 3. b3 Bg7 4. Bb2 O-O 5. g3 d6 6. Bg2 e5 7. fxe5 Ng4 8. Nc3 dxe5 9. e4 Nc6 10. O-O Nd4 11. h3 Nf6 12. g4 h5 13. Nxe5 hxg4 14. hxg4 Be6 15. Ne2 Nxe2+ 16. Qxe2 Nxg4 17. Nxg4 Bxb2 18. Rad1 Qh4 19. Bf3 Bd4+ 20. Kg2 Rae8 21. Qe1 Qg5 22. Qg3 f5 23. exf5 Rxf5 24. Rde1 Qxd2+ 25. Re2 Qg5 26. Rfe1 Rxf3 27. Qxf3 Rf8 28. Rxe6 Rxf3 29. Kxf3 Kf7 30. R6e4 Bc3 31. R1e3 Bg7 32. Rd3 Kg8 33. Ne3 Qh5+ 34. Rg4 Bf6 35. Rd5 Qh3+ 36. Ke2 g5 37. Rf5 Kg7 38. Rf3 Qh5 39. Re4 Qh2+ 40. Rf2 Qh5+ 41. Rf3 Be5 42. Nf5+ Kh8 43. Re3 g4 44. Rf1 g3+ 45. Ref3 Qh2+ 46. Kd3 g2 47. Re1 g1=Q 48. Rxg1 Qxg1 49. Ne3 Qg6+ 50. Kd2 Bf4 51. Rxf4 Qd6+ 0-1